000 00284nam a2200121Ia 4500
008 230303s9999 xx 000 0 und d
041 _aeng
082 _a621.815 NAG
100 _aNagpaL (G.R)
245 _aMetal Forming Processes
260 _aNEW DELHI
_bKhanna Pub
365 _cRS
999 _c182149
_d182149